| 000 | 00388nam a22001577a 4500 | ||
|---|---|---|---|
| 999 |
_c5780 _d5778 |
||
| 005 | 20210828144343.0 | ||
| 008 | 190326b xxu||||| |||| 00| 0 eng d | ||
| 020 | _a978-93-82448-00-6 | ||
| 041 | _aeng | ||
| 100 |
_aGOKHALE, S. B AND OTHERS _96830 |
||
| 245 | _aPHARMACOGNOSY OF ANIMAL DRUGS | ||
| 250 | _a3rd, 2018 | ||
| 260 |
_aPUNE _bNIRALI PRAKASHAN |
||
| 300 | _aI.4p, | ||
| 942 | _cBK | ||